000
00292nam a22001217a 4500
020
_a
9789327241099
082
_a
332.1
100
_a
R.R.Paul
245
_a
Money Banking and International trade
260
_a
Ludhayana
_b
Kalyani publishers
_c
1996.
300
_a
Different pages
942
_c
BK
999
_c
2718
_d
2718